युग चेतना के विकास में स्वामी विवेकानन्द का योगदान / (Record no. 80730)

MARC details
000 -LEADER
fixed length control field 01399nam a22002297a 4500
005 - DATE AND TIME OF LATEST TRANSACTION
control field 20180417152125.0
010 ## - LCCN (DPL NO)
LC control number HIN-101033 B-691156-157 बलिदानी
020 ## - INTERNATIONAL STANDARD BOOK NUMBER
International Standard Book Number 9789380801919
Terms of availability 795.00
035 ## - SYSTEM CONTROL NUMBER
System control number HN-73379
035 ## - SYSTEM CONTROL NUMBER
System control number B-691156-157
037 ## - SOURCE OF ACQUISITION
Source of stock number/acquisition DBAD/PUB
037 ## - SOURCE OF ACQUISITION
Source of stock number/acquisition पी बी डी
082 ## - DEWEY DECIMAL CLASSIFICATION NUMBER
Classification number 181.46
100 ## - MAIN ENTRY--PERSONAL NAME
Personal name बंसल, विवेक
245 ## - TITLE STATEMENT
Title युग चेतना के विकास में स्वामी विवेकानन्द का योगदान /
Statement of responsibility, etc विवेक बंसल एवं एस.के.वर्मा
260 ## - PUBLICATION, DISTRIBUTION, ETC. (IMPRINT)
Place of publication, distribution, etc नई दिल्ली
Name of publisher, distributor, etc शिवांक प्रकाशन
Date of publication, distribution, etc 2012
-- 2017
270 ## - ADDRESS
Address 4598/128, गोला कॉटेज अंसारी रोड, दरियागंज
City नई दिल्ली
Postal code 110002
Telephone number 011 23251264
Electronic mail address shivank.prakashan@gmail.com
300 ## - PHYSICAL DESCRIPTION
Extent 204पृ.
Dimensions 22 सेमी(सजिल्द)
500 ## - GENERAL NOTE
General note बलिदानी पुस्तक / संदर्भ ग्रंथ सूची
942 ## - ADDED ENTRY ELEMENTS (KOHA)
Source of classification or shelving scheme Dewey Decimal Classification
Item type Hindi Books
Call number suffix बंसल
Classification part 181.46
Holdings
Withdrawn status Lost status Not for loan Collection code Home library Current library Date acquired Source of acquisition Cost, normal purchase price Full call number Barcode Copy number Cost, replacement price Koha item type Public note
      Non-fiction Central Library Central Library 17/04/2018 पी.बी.डी.BL00142/8.3.18/835/26.2.18/15.3.18 795.00 181.46 बंसल B-691156 1 795.00 Hindi Books बलिदानी
    Not For Loan Non-fiction D.B.Act.Division D.B.Act.Division 18/11/2013 DBAD / PUB 795.00 181.46 बंसल HN-73379 1 795.00 Hindi Books  
      Non-fiction Sarojini Nagar Sarojini Nagar 17/04/2018 पी.बी.डी.BL00142/8.3.18/835/26.2.18/15.3.18 795.00 181.46 बंसल B-691157 1 795.00 Hindi Books बलिदानी

© Delhi Public Library
Hit Counter
free hit counter